000 00458nam a22001697a 4500
008 230704b |||||||| |||| 00| 0 eng d
020 _a978-81-908095-7-3
040 _aNational Science Library
_cNational Science Library
080 _a82-3Kum
_bQ1
100 _aKumar, Sushil
245 _a पांचाली
246 _aPanchali
260 _aDelhi:
_bBhartiya Pustak Parishad
_c2014
300 _a272p.
650 _aHindi
942 _2udc
_cHBK
999 _c49209
_d49209